Coordinación oficial para la salud del pueblo (Record no. 65072)
[ view plain ]
| 000 -CABECERA | |
|---|---|
| campo de control de longitud fija | 00444nam a2200169 a 4500 |
| 005 - FECHA Y HORA DE LA ÚLTIMA TRANSACCIÓN | |
| campo de control | 20210219152952.0 |
| 008 - ELEMENTOS DE LONGITUD FIJA--INFORMACIÓN GENERAL | |
| campo de control de longitud fija | 991125n 000 0 spa u |
| 035 ## - NÚMERO DE CONTROL DEL SISTEMA | |
| Número de control de sistema | UPN01000069754 |
| 222 ## - TÍTULO CLAVE | |
| Título clave | REVISTA SEP |
| 245 ## - MENCIÓN DE TÍTULO | |
| Título | Coordinación oficial para la salud del pueblo |
| 300 ## - DESCRIPCIÓN FÍSICA | |
| Extensión | 15-17 |
| 362 ## - FECHAS DE PUBLICACIÓN Y/O DESIGNACIÓN SECUENCIAL | |
| Fecha de publicación y/o designación secuencial | 1972 Año 1, vol. 1, no. 3 (mar.-ago.) |
| 653 0# - TERMINO DE INDIZACION - NO CONTROLADO | |
| Término no controlado | EDUCACION SANITARIA |
| 653 0# - TERMINO DE INDIZACION - NO CONTROLADO | |
| Término no controlado | SEP |
| 904 ## - ELEMENTOS DE DATOS D LOCAL, LDD (RLIN) | |
| a | AC |
| b | 007565 |
| 905 ## - TIPO DE MATERIAL | |
| Tipo de material | Articulo |
No items available.
